00739nam a22002177a 450000500170000001000130001702000100003003500130004003700160005304000120006908200160008110000260009724500470012326000510017027000490022130000260027065000430029694200250033999900190036495201380038320170124110025.0 aB-158771 c00.00 aB-158771 bCen Lib/Ret aDPLbEN a530.03bJOG aJogindra Singh920466 aDictionary of physics /cby Jogindra Singh bA.P.H. Publishing CorporationaNew Delhic2005 bNew Delhia5, Ansari Road, Daryaganje110002 a352p. :c20(Hb)bill. aPhysics Dictionary.vDictionary920467 2ddccENh530.03mJOG c127422d127422 00104070aLbLd2015-06-29eCen Lib/Retg0.00l1m2o530.03 JOGpB-158771r2019-09-22 00:00:00s2019-08-19t1v0.00w2015-06-29yEN